GITAA:NA HADITHI NYINGINE (Record no. 13346)

MARC details
000 -LEADER
fixed length control field 00454nam a2200181Ia 4500
003 - CONTROL NUMBER IDENTIFIER
control field OSt
005 - DATE AND TIME OF LATEST TRANSACTION
control field 20231004120626.0
008 - FIXED-LENGTH DATA ELEMENTS--GENERAL INFORMATION
fixed length control field 230222s9999||||xx |||||||||||||| ||und||
020 ## - INTERNATIONAL STANDARD BOOK NUMBER
International Standard Book Number 9966364927
040 ## - CATALOGING SOURCE
Transcribing agency Chuka University Library
050 ## - LIBRARY OF CONGRESS CALL NUMBER
Classification number PL 8704
Item number A7G5 2011
100 ## - MAIN ENTRY--PERSONAL NAME
Personal name Timothy, M Arege
9 (RLIN) 8121
245 #0 - TITLE STATEMENT
Title GITAA:NA HADITHI NYINGINE
260 ## - PUBLICATION, DISTRIBUTION, ETC.
Place of publication, distribution, etc. Nairobi
Name of publisher, distributor, etc. Longhorn
Date of publication, distribution, etc. 2011
300 ## - PHYSICAL DESCRIPTION
Extent 181p
650 ## - SUBJECT ADDED ENTRY--TOPICAL TERM
Topical term or geographic name entry element Swahili
9 (RLIN) 12861
942 ## - ADDED ENTRY ELEMENTS (KOHA)
Koha item type Long Loan Books
Source of classification or shelving scheme Library of Congress Classification
Holdings
Withdrawn status Lost status Damaged status Not for loan Collection Home library Current library Shelving location Date acquired Total Checkouts Full call number Barcode Date last seen Price effective from Koha item type
        General Collection Books Embu Campus Library Embu Campus Library General Stacks 22/02/2023   PL 8704 .A7G5 2011 11367/2014 22/02/2023 22/02/2023 Long Loan Books

Powered by Koha